La prehistoria como primer capítulo de la historia universal (Registro nro. 12574)
[ vista simple ]
| 000 -LEADER | |
|---|---|
| fixed length control field | 00451nam a2200157Ia 4500 |
| 005 - DATE AND TIME OF LATEST TRANSACTION | |
| control field | 20250822170853.0 |
| 008 - FIXED-LENGTH DATA ELEMENTS--GENERAL INFORMATION | |
| fixed length control field | 250822s9999||||xx |||||||||||||| ||und|| |
| 100 ## - MAIN ENTRY--PERSONAL NAME | |
| Personal name | Schobinger, Juan |
| 245 #0 - TITLE STATEMENT | |
| Title | La prehistoria como primer capítulo de la historia universal |
| 300 ## - PHYSICAL DESCRIPTION | |
| Extent | p. 557-574 |
| 650 ## - SUBJECT ADDED ENTRY--TOPICAL TERM | |
| Topical term or geographic name entry element | HISTORIA |
| 650 ## - SUBJECT ADDED ENTRY--TOPICAL TERM | |
| Topical term or geographic name entry element | HISTORIA UNIVERSAL |
| 650 ## - SUBJECT ADDED ENTRY--TOPICAL TERM | |
| Topical term or geographic name entry element | TEORIA DE LA HISTORIA |
| 773 ## - HOST ITEM ENTRY | |
| Main entry heading | Investigaciones y ensayos No. 47 (1997) |
| 942 ## - ADDED ENTRY ELEMENTS (KOHA) | |
| -- | MJCh |
No hay ítems disponibles.